अमृतयात्रा / (Record no. 114666)
[ view plain ]
| 000 -LEADER | |
|---|---|
| fixed length control field | 01171nam a22002657a 4500 |
| 005 - DATE AND TIME OF LATEST TRANSACTION | |
| control field | 20181212175430.0 |
| 010 ## - LCCN (DPL NO) | |
| LC control number | B-142709, B-142723 |
| 020 ## - INTERNATIONAL STANDARD BOOK NUMBER | |
| Terms of availability | 200.00 |
| International Standard Book Number | 8188139491 |
| 035 ## - SYSTEM CONTROL NUMBER | |
| System control number | B-142709,B-142723 |
| 037 ## - SOURCE OF ACQUISITION | |
| Source of stock number/acquisition | Cen Lib/Ret |
| 082 ## - DEWEY DECIMAL CLASSIFICATION NUMBER | |
| Classification number | उ |
| Item number | जोशीदि |
| 100 ## - MAIN ENTRY--PERSONAL NAME | |
| Personal name | जोशी, दिनकर |
| 245 ## - TITLE STATEMENT | |
| Title | अमृतयात्रा / |
| Statement of responsibility, etc | दिनकर जोशी ; अनुवाद त्रिवेदी प्रसाद शुक्ला |
| 246 ## - VARYING FORM OF TITLE | |
| Title proper/short title | Amrityatra / |
| Remainder of title | by Dinkar Joshi; anuvad Trivedi Prasad Shukla |
| 260 ## - PUBLICATION, DISTRIBUTION, ETC. (IMPRINT) | |
| Place of publication, distribution, etc | दिल्ली |
| Name of publisher, distributor, etc | ज्ञान गंगा |
| Date of publication, distribution, etc | 2004 |
| 270 ## - ADDRESS | |
| Address | २०५-सी चावड़ी बाज़ार |
| City | नयी दिल्ली |
| Postal code | 110006 |
| 300 ## - PHYSICAL DESCRIPTION | |
| Extent | 190पृ. |
| Dimensions | 20सेमी(सजिल्द ) |
| 650 ## - SUBJECT ADDED ENTRY--TOPICAL TERM | |
| Topical term or geographic name as entry element | हिंदी साहित्य |
| General subdivision | |
| Geographic subdivision | |
| 650 ## - SUBJECT ADDED ENTRY--TOPICAL TERM | |
| Topical term or geographic name as entry element | हिंदी उपन्यास |
| 650 ## - SUBJECT ADDED ENTRY--TOPICAL TERM | |
| Topical term or geographic name as entry element | Hindi literature |
| Form subdivision | |
| 650 ## - SUBJECT ADDED ENTRY--TOPICAL TERM | |
| Topical term or geographic name as entry element | Hindi fiction |
| 700 ## - ADDED ENTRY--PERSONAL NAME | |
| Numeration | शुक्ला, त्रिवेदी प्रसाद |
| 9 (RLIN) | 57777 |
| 942 ## - ADDED ENTRY ELEMENTS (KOHA) | |
| Source of classification or shelving scheme | Dewey Decimal Classification |
| Item type | Hindi Books |
| Classification part | उ |
| Call number suffix | जोशीदि |
| Withdrawn status | Lost status | Not for loan | Home library | Current library | Date acquired | Source of acquisition | Cost, normal purchase price | Full call number | Barcode | Copy number | Cost, replacement price | Koha item type | Collection code |
|---|---|---|---|---|---|---|---|---|---|---|---|---|---|
| Central Library | Central Library | 18/08/2015 | Cen Lib/Ret | 200.00 | उ जोशीदि | B-142709 | 1 | 200.00 | Hindi Books | ||||
| Patel Nagar | Patel Nagar | 11/11/2018 | BPPD/Pub | 200.00 | उ जोशीदि | B-142713 | 200.00 | Hindi Books | Fiction | ||||
| R.C.Libraries (zls) | R.C.Libraries (zls) | 12/12/2018 | 200.00 | उ जोशीदि | B-142723 | 1. | 200.00 | Hindi Books | Fiction |
